000 01542cam a2200265 a 4500
008 030917r20021997ck a jr 00011 spa d
020 _a9789583003288
040 _aCO-JMCR
_cCO-JMCR
_bspa
_dCO-JMCR
_erda
041 1 _aspa
_heng
082 0 4 _aC
_bKIPc
100 1 _aKipling, Rudyard,
_941942
245 1 0 _aCómo el leopardo obtuvo sus manchas :
_by otros cuentos de animales /
_cRudyard Kipling ; traducido por Catalina Calderón ; ilustrado por Henry González y Nancy Granada ; selección Martín Moreno Angel.
260 _aBogotá :
_bPanamericana Editorial,
_c2002
300 _a165 páginas ;
_c16 cm.
440 0 _aCajón de cuentos
_943969
505 0 _aCómo a la ballena le salieron sus barbas -- Cómo al dromedario le salió su joroba -- Cómo al rinoceronte se le arrugó las piel -- Cómo al leopardo obtuvo sus manchas -- El bebé elefante -- El origen de los armadillos.
520 3 _aNinguno pudo escapar, y entonces el espinoso y tozudo se enrolló a sí mismo hasta volverse una bola, pues al fin y al cabo era un puercoespín.
534 _pTítulos originales.
_tHow the whale got his throat, How the camel got his hump, How the rhinoceros got his skin, How the leopard got his spots, The elephant´s child, The beginning of the armadilloes.
650 1 4 _943970
650 2 4 _vCuentos.
_940589
700 1 _aCalderón, Catalina,
_943971
700 1 _aGonzález, Henry,
_943972
700 1 _aGranada, Nancy,
_943973
999 _c30903
_d17287